Statistiken für Englische Songs mit einem Ort im Titel

Klicken Sie hier um das Quiz zu spielen!

Allgemein

  • Dieses Quiz wurde 1.595 mal gespielt
  • Das Durchschnittsergebnis liegt bei 8 aus 15

Antwortstatistiken

FrageAntwort% Korrekt
___________ Girl by Ed SheeranGalway
86%
Big in __________ by AlphavilleJapan
84%
Don't Cry For Me ____________ by Andrew Lloyd WebberArgentina
70%
Walking in ____________ by Marc CohnMemphis
70%
_________ State of Mind by Billy JoelNew York
68%
One Night in _________ by Murray HeadBangkok
65%
___________ Calling by The ClashLondon
58%
Streets of _______________ by Bruce SpringsteenPhiladelphia
57%
Jesus Just Left _________ by ZZ TopChicago
47%
Bloodbuzz _________ by The NationalOhio
37%
Stranger in _________ by Michael JacksonMoscow
34%
The Devil Went Down To ________ by The Charlie Daniels BandGeorgia
33%
Lost in ___________ by Bonnie TylerFrance
28%
Woke Up in ________ by 5 Seconds of SummerJapan
28%
Is This The Way To ___________ by Tony ChristieAmarillo
27%

Verteilung der Resultate

Perzentil nach korrekt beantworteten Fragen

Anzahl Personen mit jedem Resultat

Ihre Resultats-Entwicklung

Sie haben dieses Quiz noch nicht gespielt